Currencies of Europe - Statistics

General Stats
  • This quiz has been taken 74 times
  • The average score is 34 of 45
Answer Stats
Country Answer % Correct
Andorra Euro
100%
Austria Euro
98%
Belgium Euro
96%
Cyprus Euro
94%
France Euro
92%
Ireland Euro
92%
Luxembourg Euro
92%
Malta Euro
92%
Monaco Euro
92%
Netherlands Euro
92%
Italy Euro
90%
Portugal Euro
90%
San Marino Euro
90%
Finland Euro
88%
Spain Euro
88%
Denmark Krone
88%
Latvia Euro
85%
Norway Krone
85%
Russia Ruble
85%
Estonia Euro
83%
Slovakia Euro
83%
Slovenia Euro
83%
Vatican Euro
83%
Belarus Ruble
83%
Lithuania Euro
81%
Montenegro Euro
81%
Poland Zloty
79%
Iceland Krona
77%
Turkey Lira
77%
Hungary Forint
71%
Switzerland Euro
69%
Sweden Krona
69%
Albania Lek
69%
Bulgaria Lev
69%
Liechtenstein Franc
65%
Czech Republic Koruna
60%
Bosnia Mark
60%
Romania Leu
56%
Macedonia Denar
52%
Serbia Dinar
52%
Croatia Kuna
48%
Moldova Leu
48%
Ukraine Hryvnia
42%
Azerbaijan Manat
40%
Georgia Lari
31%
No matching quizzes found
Score Distribution
Percent of People with Each Score
Percentile by Number Answered
Your Score History
You have not taken this quiz